Anno di fondazione delle squadre italiane - Quiz n°3 - Statistics

Statistiche generali
  • Questo quiz è stato fatto 8 volte
  • Il punteggio medio è 3 su 13
Statistiche sulle risposte
Hint Risposta % Corretto
Rimini 1912
50%
Avellino 1912
50%
Monza 1912
38%
Modena 1912
38%
Padova 1910
25%
Brescia 1911
25%
Alessandria 1912
25%
Lecco 1912
25%
Legnano 1913
25%
Crotone 1910
13%
Varese 1910
13%
Mantova 1911
0%
Parma 1913
0%
Nessun quiz corrispondente trovato
Distribuzione punteggi
Percentuale di utenti per punteggio
Percentile per numero di risposta
I tuoi punteggi nel tempo
Non hai fatto questo quiz